[Event "San Francisco TNM Spring op"]
[Site "San Francisco"]
[Date "2015.04.07"]
[Round "4"]
[White "Mandjian, Vahak"]
[Black "Dupree, Charles"]
[Result "1-0"]
[WhiteElo "1796"]
[BlackElo "1625"]
[PlyCount "112"]
[EventDate "2015.03.17"]
[EventType "swiss"]
[EventRounds "8"]
[EventCountry "USA"]
[SourceTitle "EXT 2016"]
[Source "ChessBase"]
[SourceDate "2015.10.08"]
[SourceVersion "1"]
[SourceVersionDate "2015.10.08"]
[SourceQuality "1"]

1. d4 Nf6 2. c4 e6 3. Nf3 Bb4+ 4. Bd2 a5 5. Nc3 b6 6. e3 Ba6 7. Qc2 d5 8. Ne5 0-0 9. Bd3 Bxc3 10. bxc3 Qd6 11. 0-0 Nc6 12. f4 dxc4 13. Nxc4 Qd7 14. Rf3 h6 15. Be1 Qd5 16. Nd2 Bxd3 17. Qxd3 e5 18. e4 Qd7 19. fxe5 Nh7 20. Bg3 Ng5 21. Re3 Rae8 22. h4 Nh7 23. Nf3 Qg4 24. Bh2 Re6 25. d5 Rg6 26. Qe2 Nb8 27. Rd1 Nd7 28. g3 Nc5 29. Nd4 Qxh4 30. Nf5 Qg5 31. d6 Re6 32. Rd5 Nxe4 33. Ne7+ Kh8 34. Rxe4 f5 35. Rf4 Nf6 36. Rd3 Nd7 37. Nc6 Nc5 38. Rdf3 Ne4 39. Qc4 Nc5 40. Kg2 cxd6 41. exd6 Rxd6 42. Ne5 Ne4 43. Nf7+ Rxf7 44. Qxf7 Rd2+ 45. Kf1 Rd1+ 46. Kg2 Rd2+ 47. Kh3 g6 48. Rxe4 Rd8 49. Re8+ Rxe8 50. Qxe8+ Kg7 51. Qd7+ Kf8 52. Qd6+ Kf7 53. Qd5+ Kg7 54. Qd4+ Kf7 55. Re3 h5 56. Qd5+ Kg7 1-0